Geography Quiz

Random Geography or State Quiz

US States without IOUs Quiz Stats

Quiz Updated Aug 15, 2012

Challenge
Share
Tweet
Embed
Score 0/11 Timer 02:00
4 Plays Today
State % Correct
Texas
87.5%
Alabama
83.1%
Alaska
81.3%
Arkansas
77.5%
Kansas
76.9%
Tennessee
70.5%
Nevada
68.5%
Delaware
67.3%
New Jersey
65.9%
Nebraska
62.9%
Maryland
61.6%

You're not logged in!

Compare scores with friends on all Sporcle quizzes.
Sign Up with Email
OR
Log In

You Might Also Like...

Show Comments

Extras

Top Quizzes Today


Score Distribution

Your Account Isn't Verified!

In order to create a playlist on Sporcle, you need to verify the email address you used during registration. Go to your Sporcle Settings to finish the process.